Harry Potter Quiz Level 2 : Medium (Philosopher's Stone) - Statistics

General Stats
  • This quiz has been taken 41 times
  • The average score is 10 of 15
Answer Stats
Hint Answer % Correct
What animal can Harry talk to Snake
97%
Who won the house cup Gryffindor
94%
Which animal did Voldemort kill to obtain its blood Unicorn
86%
What spell unlocks locked doors Alohomora
83%
Who won the quidditch final Ravenclaw
83%
Who was the captain of the Gryffindor quidditch team Oliver Wood
77%
Who are the chasers of gryffindor (name any one) Katie Bell
71%
What is that plant's biggest weakness Light
71%
The mirror in which Harry sees his parents is the Mirror of _? Erised
69%
Which plant does the trio encounter while saving the stone Devils Snare
66%
What teaching position does Severus Snape want Defense Against the Dark Arts
51%
What is Quirrell's first name Quirinus
51%
Who made the chess obstacle Minerva Mcgonagall
43%
What industry/company/factory did uncle Vernon work in Drill
40%
What incantation made Snape's robes catch fire Lacarnum Inflamari
14%
No matching quizzes found
Score Distribution
Percent of People with Each Score
Percentile by Number Answered
Your Score History
You have not taken this quiz